000 00323nam a2200157Ia 4500
100 _aSingh/D.K
650 _aMANUFACTURING
942 _cBK
366 _f20
245 _aManufacturing technology
260 _bAne Books
_c2012
082 _a658.5
_bSIN
300 _a213
546 _aENGLISH
_cInfo.Tech
999 _c30282
_d30282